000 00302nam a2200109Ia 4500
008 180205s9999 xx 000 0 und d
020 _a1557484236
100 _aLawrence, Brother
245 4 _aThe practice of the presence of God /
260 _aUSA
_bBarbour and company Inc,
_c1993
300 _a35 pages
999 _c354757
_d354757